000 00414nam a22001577a 4500
003 OSt
005 20170310143003.0
008 170310b xxu||||| |||| 00| 0 eng d
020 _a0425146154
040 _cRU
050 _aBJ1611.2
_b.M64 1994
100 _aTom Morris, PH.D.
245 _aTrue success/
_bA new philosophy of excellence
260 _aNew york
_bBerkely Publishing Group
_c1994
942 _2lcc
_cBK
999 _c256279
_d256278